Can You Feel My Heart - Bring Me the Horizon - Statistics

General Stats
  • This quiz has been taken 54 times
  • The average score is 207 of 240
Answer Stats
𓏲ּ𝄢 % Correct
Can
100%
can
100%
(Can
100%
hear
100%
silence?
100%
the
100%
The
100%
you
100%
broken?
96%
dark?
96%
feel,
96%
feel
96%
fix
96%
heart?
96%
heart?)
96%
my
96%
see
96%
I
89%
me?
85%
me
85%
can't
81%
demons,
81%
demons
81%
get
81%
get,
81%
how
81%
I'm
81%
know
81%
they
81%
They
81%
to
81%
all
78%
alone
78%
at
78%
being
78%
drown
78%
for
78%
hate
78%
lower
78%
not
78%
scared
78%
sink
78%
so
78%
swim
78%
close
74%
feeling
74%
higher
74%
and
70%
I'll
70%
love
70%
mother
70%
on
70%
will
70%
begging
67%
father,
67%
that
63%
wait
63%
Forgive
59%
knees
59%
long
59%
sorry
59%
soul,
59%
bastard
56%
hopeless?
56%
save
52%
lover
44%
help
41%
Well,
41%
brothers,
26%
No matching quizzes found
Score Distribution
Percent of People with Each Score
Percentile by Number Answered
Your Score History
You have not taken this quiz